Tarragone - Choix multiples - Statistiques

Statistiques générales
  • Ce quiz a été pris 20 fois
  • Le résultat moyen est 6 sur 10
Statistiques - réponses
Question Réponse % Correct
Quel célèbre parc à thème se trouve à Salou, dans l'aire urbaine de Tarragone ? PortAventura
94%
Où Tarragone se situe-t-elle ? Sur la côte méditerranéenne espagnole
88%
Qu'est-ce que le Pont del Diable de Tarragone ? Un aqueduc romain
76%
Quel était le nom romain de Tarragone ? Tarraco
65%
Laquelle de ces photographies représente l'amphithéâtre de Tarragone ?
59%
A quelle occasion la ville fut-elle assiégée, d'abord par les Français puis par les Britanniques ? Guerres napoléoniennes
59%
Quel alcool français était également produit à Tarragone de 1903 à 1989, après qu'un ordre monastique ait été chassé des Alpes ? La chartreuse
59%
Laquelle de ces activités est une activité traditionnelle célèbre organisée pendant la fête de Tarragone ? Castells (tours humaines)
53%
Laquelle de ces affirmations au sujet de la ville de Tarragone est fausse ? Son club de football joue en première division espagnole.
53%
Sous quelle domination Tarragone n'a-t-elle jamais été ? Génoise
41%
Aucun quiz correspondant
Distribution des résultats
% des personnes avec chaque résultat
Percentile par nombre de réponses
Votre historique - résultats
Vous n’avez pas pris ce quiz